| LEADER 00000nama 2200000uu 4500 |
| 001 200644 |
| 003 ULIBM |
| 008 040531s|||| th m m a000 0 tha d |
| 020 978-616-7183-00-8 |
| 041 tha |
| 050 WS320 ช251ก 2552 |
| 100 ชลิดา ธนัฐธีรกุล. |
| 245 การพยาบาลผู้ป่วยเด็กที่มีความผิดปกติในระบบทางเดินปัสสาวะ = Pediatric Nursing caer on Urinary Tract Abnormalities/ชลิดา ธนัฐธีรกุล. |
| 260 ขอนแก่น. คณะพยาบาลศาสตร์ มหาวิทยาลัยขอนแก่น. 2552. |
| 300 123 หน้า. |
| 500 ได้รับทุนสนับสนุนการผลิตตำรา มหาวิทยาลัยขอนแก่น พ.ศ.2549 ลำดับที่ 7. |
| 600 I.มหาวิทยาลัยขอนแก่น คณะพยาบาลศาสตร์. |
| 650 1.การพยาบาลกุมารเวชศาสตร์ 2.ระบบทางเดินปัสสาวะ--ความผิดปกติ 3.เด็ก--โรค--การพยาบาล 4.ไต--โรค--ในวัยทารกและเด็ก. |
| 995 001 |